Política económica en centro y periferia; ensayos en homenaje a Felipe Pazos /
Na minha lista:
| Autor principal: | |
|---|---|
| Outros Autores: | |
| Formato: | Texto |
| Publicado em: |
México D.F.:
Fondo de Cultura Económica
|
| Tags: |
Adicionar Tag
Sem tags, seja o primeiro a adicionar uma tag!
|
MARC
| LEADER | 00000 a a2200000 04500 | ||
|---|---|---|---|
| 001 | 24085 | ||
| 003 | |||
| 040 | |||
| 090 | |a 167800 | ||
| 100 | |a Díaz Alejandro, Carlos F | ||
| 245 | |a Política económica en centro y periferia; ensayos en homenaje a Felipe Pazos / |c Carlos F Díaz Alejandro | ||
| 260 | |a México D.F.: |b Fondo de Cultura Económica | ||
| 300 | |a 751 p |b **no definido** |b fonodiscos | ||
| 700 | |a Selec |a Teitel, Simón selec |a Tokman, Víctor E selec | ||
| 999 | |c 10894 |d 10894 | ||
